Largest Cities in the year 2000 - Statistics

General Stats
  • This quiz has been taken 12 times
  • The average score is 21 of 25
Answer Stats
Hint Answer % Correct
9.5 Bangkok
100%
10.8 Beijing
100%
16.0 Bombay
100%
13.2 Buenos Aires
100%
13.2 Cairo - Giza
100%
13.3 Delhi
100%
11.9 Istanbul
100%
11.2 Los Angeles
100%
26.3 Mexico City
100%
10.1 Moscow
100%
15.5 New York
100%
9.2 Paris
100%
13.3 Rio de Janeiro
100%
13.5 Seoul
100%
13.5 Shanghai
100%
17.1 Tokyo
100%
11.2 Dhaka
67%
12.2 Karachi
67%
11.1 Manila
67%
12.7 Tehran
67%
9.2 Tianjin
67%
12.8 Bagdad
33%
16.6 Calcutta
33%
12.8 Jakarta
33%
24.0 Sao Paolo
33%
No matching quizzes found
Score Distribution
Percent of People with Each Score
Percentile by Number Answered
Your Score History
You have not taken this quiz